[Event "Russian Championship G15 2016"]
[Site "Loo"]
[Date "2016.04.23"]
[Round "4.16"]
[White "Usacheva, Glafira"]
[Black "Eliseeva, Maia"]
[Result "0-1"]
[WhiteElo "1808"]
[BlackElo "1729"]
[PlyCount "126"]
[EventDate "2016.04.20"]

1. d4 d5 2. c4 e6 3. Nc3 Be7 4. Nf3 Nf6 5. cxd5 exd5 6. Bg5 O-O 7. e3 c6 8. Bd3
Bg4 9. Qc2 h6 10. Bh4 Nbd7 11. h3 Be6 12. O-O Rc8 13. Rab1 c5 14. dxc5 Nxc5 15.
Bf5 Qd7 16. Bxe6 Nxe6 17. Qd2 Rfd8 18. Rfd1 g5 19. Bg3 Bb4 20. Ne5 Qe7 21. f3
Bxc3 22. bxc3 b6 23. Rb5 Rc5 24. Rxc5 Qxc5 25. Qd3 Kg7 26. Ng4 Nxg4 27. hxg4
Rc8 28. Kf2 Rd8 29. Qf5 Kf8 30. Be5 Qa3 31. Qf6 Qxa2+ 32. Kg1 Ke8 33. Qxh6 Kd7
34. Bf6 Rg8 35. Qh7 Rf8 36. Qf5 Kd6 37. e4 Nc7 38. Be5+ Kc6 39. Bxc7 Kxc7 40.
Qe5+ Kc6 41. Rxd5 Qa3 42. Qf6+ Kb7 43. Rd7+ Ka6 44. Rd1 Qc5+ 45. Kh2 Kb7 46.
Rd5 Qf2 47. Qh6 Rc8 48. Rd7+ Ka6 49. Rd1 Rxc3 50. Ra1+ Kb7 51. Qxg5 Rc8 52.
Qe7+ Rc7 53. Qg5 Rc8 54. Qe7+ Rc7 55. Qf6 Qc5 56. Rd1 Qf2 57. e5 Qe2 58. Ra1
Qb2 59. Rh1 Qf2 60. Rg1 a5 61. Rb1 a4 62. Qd6 f6 63. exf6 Rh7# 0-1

[Event "Russian Championship G15 2016"]
[Site "Loo"]
[Date "2016.04.23"]
[Round "4.17"]
[White "Stroganova, Karina"]
[Black "Strukova, Ksenia"]
[Result "1-0"]
[WhiteElo "1704"]
[BlackElo "1822"]
[PlyCount "103"]
[EventDate "2016.04.20"]

1. d4 Nf6 2. Nf3 d6 3. Bf4 g6 4. e3 Bg7 5. Be2 O-O 6. O-O c5 7. c3 b6 8. h3 Bb7
9. Nbd2 Nbd7 10. Bh2 a6 11. Qb3 cxd4 12. exd4 Re8 13. Rfe1 b5 14. c4 Bc6 15.
cxb5 axb5 16. Bxb5 Bxb5 17. Qxb5 Rb8 18. Qc4 Rxb2 19. Nb3 Qa8 20. Bf4 Nb6 21.
Qd3 Nfd5 22. Bd2 Rc8 23. a4 Nc3 24. Ra3 Nbd5 25. Bc1 Nb4 26. Qe3 Ncd5 27. Qe4
Rbc2 28. Bd2 Rxd2 29. Nbxd2 Nc2 30. Rea1 Nxa3 31. Rxa3 Nb4 32. Qxe7 Bf8 33. Qd7
Nc2 34. Rb3 Rd8 35. Qc7 Rc8 36. Qd7 Rd8 37. Qb5 Bg7 38. Rd3 Rb8 39. Qc4 Rc8 40.
Qb3 Na1 41. Qb5 Rb8 42. Qd7 Qa6 43. Re3 Rf8 44. Re7 Bf6 45. Re4 Bg7 46. Re8 Nc2
47. Rxf8+ Bxf8 48. Ng5 Kg7 49. Qxf7+ Kh6 50. Qxf8+ Kxg5 51. Nf3+ Kh5 52. g4#
1-0

[Event "Russian Championship G15 2016"]
[Site "Loo"]
[Date "2016.04.23"]
[Round "4.18"]
[White "Yakushina, Ekaterina"]
[Black "Komleva, Ekaterina"]
[Result "1/2-1/2"]
[WhiteElo "1637"]
[BlackElo "1808"]
[PlyCount "136"]
[EventDate "2016.04.20"]

1. Nf3 Nf6 2. d4 e6 3. g3 b6 4. Bg2 Bb7 5. O-O Be7 6. c4 c5 7. Nc3 cxd4 8. Qxd4
Nc6 9. Qd1 O-O 10. b3 d6 11. Ba3 a6 12. Qc2 Qc7 13. Rfd1 Rfd8 14. Rac1 Rac8 15.
Rd2 Rd7 16. e4 Bf8 17. Rcd1 Rcd8 18. Ne2 h6 19. Nfd4 Nxd4 20. Rxd4 d5 21. Bxf8
Kxf8 22. exd5 exd5 23. Nf4 dxc4 24. Rxd7 Rxd7 25. Rxd7 Nxd7 26. Bxb7 Qxb7 27.
Qxc4 Ne5 28. Qd5 Qxd5 29. Nxd5 Nd7 30. f4 b5 31. b4 Nb8 32. Kf2 Nc6 33. Ke3 f5
34. a3 Kf7 35. Nc7 a5 36. bxa5 Nxa5 37. Nxb5 g5 38. a4 Kg6 39. Nd6 Nb3 40. Nc4
Kh5 41. Ne5 Na5 42. h3 g4 43. hxg4+ fxg4 44. Kd4 Nb7 45. Ke4 Nd6+ 46. Kd5 Nb7
47. Kc6 Na5+ 48. Kd5 Nb7 49. Ke6 Nc5+ 50. Kf5 Ne4 51. a5 Nxg3+ 52. Ke6 Ne2 53.
Kd5 Nxf4+ 54. Kc6 g3 55. Nf3 Kg4 56. Ng1 g2 57. a6 Nh3 58. a7 Nxg1 59. a8=Q Nf3
60. Qg8+ Kh3 61. Qe6+ Kg3 62. Qd6+ Kf2 63. Qc5+ Kf1 64. Qc1+ Kf2 65. Qc2+ Kg1
66. Qd1+ Kf2 67. Qc2+ Kg1 68. Qd1+ Kf2 1/2-1/2

[Event "Russian Championship G15 2016"]
[Site "Loo"]
[Date "2016.04.23"]
[Round "4.19"]
[White "Smagina, Sofya"]
[Black "Badzgaradze, Elena"]
[Result "1/2-1/2"]
[WhiteElo "1800"]
[BlackElo "1692"]
[PlyCount "119"]
[EventDate "2016.04.20"]

1. Nf3 Nf6 2. d4 e6 3. e3 b6 4. Bd3 Bb7 5. O-O Be7 6. b3 O-O 7. Bb2 Ne4 8. c4
d6 9. Nc3 Nxc3 10. Bxc3 f5 11. Qe2 Be4 12. Nd2 Bxd3 13. Qxd3 Nd7 14. a4 a5 15.
b4 axb4 16. Bxb4 Bf6 17. Bc3 Kh8 18. f4 e5 19. Nb3 e4 20. Qc2 Qe7 21. d5 Bxc3
22. Qxc3 Qf7 23. Rf2 Ra6 24. Rfa2 Rfa8 25. a5 h6 26. Qd2 bxa5 27. Rxa5 Rxa5 28.
Rxa5 Rxa5 29. Qxa5 Nb6 30. Qc3 Qh5 31. Qc2 Qh4 32. g3 Qg4 33. Nd4 h5 34. Kg2 h4
35. Qb3 h3+ 36. Kf2 Kh7 37. Qc2 Kg6 38. Qe2 Qxe2+ 39. Kxe2 Nxc4 40. Ne6 Nb6 41.
Nxc7 Kf7 42. Ne6 Nxd5 43. Ng5+ Ke7 44. Nxh3 Kd7 45. Ng5 g6 46. g4 Nf6 47. gxf5
gxf5 48. h3 Ke7 49. Kd2 Nd5 50. Ke2 Nb4 51. Kf2 Nc2 52. Ke2 Nb4 53. h4 Kf6 54.
h5 Kg7 55. Ne6+ Kh6 56. Nd4 Kxh5 57. Nxf5 d5 58. Nd4 Kg6 59. Kd2 Kf6 60. Ke2
1/2-1/2

[Event "Russian Championship G15 2016"]
[Site "Loo"]
[Date "2016.04.23"]
[Round "4.20"]
[White "Reva, Liubov"]
[Black "Garmash, Aliona"]
[Result "0-1"]
[WhiteElo "1594"]
[BlackElo "1763"]
[PlyCount "126"]
[EventDate "2016.04.20"]

1. d4 Nf6 2. c4 g6 3. Nc3 Bg7 4. Nf3 d6 5. e4 O-O 6. Be2 e5 7. d5 a5 8. O-O Na6
9. Be3 Ng4 10. Qd2 f5 11. Bg5 Qe8 12. h3 Nf6 13. exf5 gxf5 14. Bh6 Qg6 15. Bxg7
Qxg7 16. Qg5 Rf7 17. Qxg7+ Rxg7 18. Nd2 f4 19. Kh2 Bf5 20. g4 Bg6 21. g5 Nd7
22. Bg4 Ndc5 23. Bf3 Nb4 24. a3 Nc2 25. Rac1 Nd4 26. h4 Ncb3 27. Nxb3 Nxb3 28.
Rcd1 Bc2 29. Ne4 Bxd1 30. Nf6+ Kf7 31. Bxd1 Nd2 32. Bh5+ Ke7 33. Rc1 Nb3 34.
Rc3 Nc5 35. f3 Nd7 36. Ng4 Rgg8 37. Nh6 Rgf8 38. Ng4 Rab8 39. a4 c6 40. Kh3
cxd5 41. cxd5 Rfc8 42. Nh6 Nb6 43. Nf5+ Kd7 44. Rxc8 Nxc8 45. Bf7 Nb6 46. Be6+
Kc7 47. b3 Nd7 48. Kg4 Nc5 49. Kh5 Nxe6 50. dxe6 d5 51. g6 hxg6+ 52. Kxg6 d4
53. e7 d3 54. Ng7 d2 55. e8=Q Rxe8 56. Nxe8+ Kd7 57. Nf6+ Ke6 58. h5 d1=Q 59.
h6 Qg1+ 60. Ng4 e4 61. h7 exf3 62. h8=Q Qxg4+ 63. Kh7 Qh5+ 0-1

[Event "Russian Championship G15 2016"]
[Site "Loo"]
[Date "2016.04.23"]
[Round "4.21"]
[White "Krikunova, Olesya"]
[Black "Shevchuk, Margarita"]
[Result "1-0"]
[WhiteElo "1756"]
[BlackElo "1636"]
[PlyCount "115"]
[EventDate "2016.04.20"]

1. Nf3 d6 2. d4 Bg4 3. e3 Nd7 4. c4 e5 5. Nc3 f5 6. Be2 Ngf6 7. O-O Be7 8. Qc2
O-O 9. Ng5 Bxe2 10. Nxe2 Qc8 11. Qxf5 h6 12. Qe6+ Kh8 13. Nf7+ Kh7 14. Qxe7 Re8
15. Nxd6 cxd6 16. Qxd6 Qxc4 17. Ng3 Re6 18. Qa3 exd4 19. exd4 Qxd4 20. Be3 Qe5
21. Qd3+ Kh8 22. Qf5 Nd5 23. Qxe5 Nxe5 24. Bd4 Nd3 25. Nf5 Nf6 26. Rad1 Nf4 27.
Rfe1 Ne2+ 28. Kf1 Nxd4 29. Nxd4 Rxe1+ 30. Rxe1 Rd8 31. Nb5 a6 32. Nc3 Rd7 33.
f3 Kg8 34. Kf2 Kf7 35. g3 g6 36. h4 h5 37. Ne4 Nxe4+ 38. fxe4 Ke6 39. Ke3 Rc7
40. Re2 Ke5 41. Rd2 Rc6 42. Rd3 Rb6 43. Rb3 Rxb3+ 44. axb3 a5 45. Kd3 Kd6 46.
Kd4 Ke6 47. e5 Kd7 48. Kd5 Ke7 49. e6 b6 50. Ke5 b5 51. Kd5 Kd8 52. Kd6 Ke8 53.
e7 a4 54. bxa4 bxa4 55. Ke6 a3 56. bxa3 g5 57. hxg5 h4 58. g6 1-0

[Event "Russian Championship G15 2016"]
[Site "Loo"]
[Date "2016.04.23"]
[Round "4.22"]
[White "Mavrova, Kseniya"]
[Black "Tukaeva, Aida"]
[Result "1-0"]
[WhiteElo "1727"]
[BlackElo "1572"]
[PlyCount "111"]
[EventDate "2016.04.20"]

1. e4 d6 2. d4 Nf6 3. Bd3 c6 4. c3 Qc7 5. h3 e5 6. Nf3 Nbd7 7. O-O Be7 8. Nbd2
O-O 9. Nh4 Nb6 10. Re1 Nxe4 11. Nxe4 Bxh4 12. Qh5 f5 13. Qxh4 fxe4 14. Bxe4 Bf5
15. dxe5 dxe5 16. Bg5 h6 17. Bc1 Nd7 18. Qg3 Qd6 19. b3 Bxe4 20. Rxe4 Qd1+ 21.
Kh2 Rf7 22. f3 Kh8 23. Qe1 Qd6 24. Kh1 Re8 25. Bb2 Nc5 26. Ba3 Rd7 27. Bxc5
Qxc5 28. Rd1 Rxd1 29. Qxd1 Qxc3 30. Qd7 Rg8 31. Qxb7 Qa1+ 32. Kh2 Qxa2 33. Rxe5
Qa3 34. Re6 a5 35. Qxc6 Rb8 36. Re3 Qb4 37. Re8+ Rxe8 38. Qxe8+ Kh7 39. Qe4+
Qxe4 40. fxe4 g5 41. Kg3 Kg6 42. Kf3 Kf6 43. Ke3 Ke5 44. g4 Ke6 45. Kd4 Kd6 46.
e5+ Ke6 47. Ke4 Ke7 48. Kf5 Kf7 49. e6+ Ke7 50. Ke5 Ke8 51. Kf6 Kf8 52. e7+ Ke8
53. Ke6 h5 54. gxh5 g4 55. h6 g3 56. h7 1-0

[Event "Russian Championship G15 2016"]
[Site "Loo"]
[Date "2016.04.23"]
[Round "4.23"]
[White "Krivonos, Kristina"]
[Black "Titievskaya, Elizaveta"]
[Result "0-1"]
[WhiteElo "1367"]
[BlackElo "1725"]
[PlyCount "116"]
[EventDate "2016.04.20"]

1. e4 e5 2. Nf3 Nc6 3. Bb5 a6 4. Ba4 Nf6 5. d3 d6 6. O-O Be7 7. h3 h6 8. Re1
O-O 9. c3 b5 10. Bc2 Bb7 11. Nbd2 Nb8 12. Nf1 c5 13. d4 Qc7 14. d5 Re8 15. Ng3
Nbd7 16. Nf5 Bf8 17. Nh2 Bc8 18. Ng4 Kh8 19. Qf3 Nxg4 20. hxg4 Nf6 21. g5 hxg5
22. Bxg5 Nd7 23. Qh5+ Kg8 24. Qh4 Nb6 25. Re3 Bxf5 26. exf5 f6 27. Bxf6 gxf6
28. Rg3+ Bg7 29. Qxf6 Nxd5 30. Qh4 Qf7 31. Be4 Nf6 32. Bxa8 Rxa8 33. Rd1 d5 34.
Re1 Re8 35. b3 Kf8 36. Rge3 e4 37. Qf4 Qd7 38. Qg5 Qc7 39. Qg3 Qb6 40. Qg6 Nd7
41. Qxb6 Nxb6 42. Rd1 d4 43. cxd4 cxd4 44. Rg3 Nd5 45. Rg6 Nc3 46. Rd2 e3 47.
fxe3 dxe3 48. Rdd6 e2 49. Rde6 Rxe6 50. Rxe6 Bd4+ 51. Kh2 Bf2 52. Rxa6 e1=Q 53.
Rf6+ Kg7 54. Rg6+ Kf7 55. Re6 Qg1+ 56. Kh3 Qh1+ 57. Kg4 Qxg2+ 58. Kf4 Qg3# 0-1

[Event "Russian Championship G15 2016"]
[Site "Loo"]
[Date "2016.04.23"]
[Round "4.24"]
[White "Beshukova, Alina"]
[Black "Granovskaya, Ekaterina"]
[Result "0-1"]
[WhiteElo "1716"]
[BlackElo "1602"]
[PlyCount "74"]
[EventDate "2016.04.20"]

1. d4 d5 2. c4 e6 3. Nc3 Be7 4. Nf3 Nf6 5. g3 dxc4 6. Bg2 Nbd7 7. e4 Rb8 8. Qa4
a6 9. Qxc4 b5 10. Qe2 Bb7 11. a3 c5 12. dxc5 Nxc5 13. Ne5 Bd6 14. Nd3 Nb3 15.
Rb1 O-O 16. Be3 Qc7 17. O-O Rfd8 18. Rfd1 Rbc8 19. f4 Nd7 20. e5 Bc5 21. Ne4
Be7 22. Qf2 f5 23. exf6 gxf6 24. Nc1 Ndc5 25. Nxb3 Nxe4 26. Qe2 Bd5 27. Nd4 Kh8
28. Nxe6 Bxe6 29. Bxe4 Bc5 30. Bxc5 Qxc5+ 31. Kh1 Rd6 32. Rxd6 Qxd6 33. Rd1 Qe7
34. Rd2 Bc4 35. Qf3 Re8 36. Bd3 Qe1+ 37. Bf1 Qxd2 0-1

[Event "Russian Championship G15 2016"]
[Site "Loo"]
[Date "2016.04.23"]
[Round "4.27"]
[White "Litvinova, Kseniya"]
[Black "Chemborisova, Elina"]
[Result "1-0"]
[WhiteElo "1616"]
[BlackElo "1738"]
[PlyCount "83"]
[EventDate "2016.04.20"]

1. Nf3 Nf6 2. g3 g6 3. Bg2 Bg7 4. O-O O-O 5. c4 c5 6. d3 d6 7. Nc3 Nc6 8. a3
Nd7 9. Bd2 e5 10. Ng5 Nb6 11. Nd5 Nxd5 12. cxd5 Ne7 13. e4 h6 14. Nf3 f5 15.
Rb1 g5 16. Qc1 Ng6 17. b4 cxb4 18. Rxb4 b6 19. Rd1 g4 20. Ne1 f4 21. Nc2 h5 22.
Bf1 h4 23. Rc4 a5 24. Rc3 Kh7 25. Rb3 Bd7 26. Be2 Rh8 27. Rf1 Kg8 28. Rb1 Qg5
29. gxf4 exf4 30. Kh1 g3 31. Rg1 Bh3 32. Bf1 Qg4 33. Qd1 g2+ 34. Bxg2 Bxg2+ 35.
Rxg2 Qxd1+ 36. Rxd1 Kf7 37. Rdg1 Rh6 38. Bxf4 Nxf4 39. Rxg7+ Kf6 40. R7g5 Nxd3
41. Rf5+ Ke7 42. Rg7+ 1-0

[Event "Russian Championship B11 1st league 2016"]
[Site "Loo"]
[Date "2016.04.23"]
[Round "4.1"]
[White "Danchenko, Artemiy"]
[Black "Rakitin, Daniil"]
[Result "1-0"]
[WhiteElo "1770"]
[BlackElo "1498"]
[PlyCount "49"]
[EventDate "2016.04.20"]

1. e4 e6 2. Nc3 d5 3. Nf3 Nf6 4. e5 Nfd7 5. d4 c5 6. dxc5 Bxc5 7. Bd3 Nc6 8.
Bf4 Qb6 9. O-O Qxb2 10. Nb5 Bb6 11. Bd2 d4 12. Rb1 Qxa2 13. Bc4 Qxb1 14. Nd6+
Kf8 15. Qxb1 Ndxe5 16. Nxe5 Nxe5 17. Qb4 Nc6 18. Qa3 Kg8 19. Qf3 Nd8 20. Qg3 h6
21. Bf4 f6 22. Qg6 Bd7 23. Nf5 Kf8 24. Bd6+ Kg8 25. Qxg7# 1-0

[Event "Russian Championship B11 1st league 2016"]
[Site "Loo"]
[Date "2016.04.23"]
[Round "4.2"]
[White "Kuzmin, Roman"]
[Black "Yudin, Mikhail"]
[Result "1-0"]
[WhiteElo "1756"]
[BlackElo "1469"]
[PlyCount "67"]
[EventDate "2016.04.20"]

1. e4 c5 2. Nf3 e6 3. d4 cxd4 4. Nxd4 a6 5. Nc3 Qc7 6. Bd3 b5 7. O-O Bb7 8. Be3
d6 9. f4 Nd7 10. f5 e5 11. Nb3 Nc5 12. Bg5 b4 13. Nd5 Bxd5 14. exd5 Be7 15.
Bxe7 Nxe7 16. Kh1 Nxd3 17. Qxd3 f6 18. a3 bxa3 19. Rxa3 Qb7 20. c4 Kf7 21. Rd1
Rhd8 22. h3 Kg8 23. Ra2 Rab8 24. Na5 Qb6 25. Rda1 Kf7 26. Nc6 Nxc6 27. dxc6
Qxc6 28. Rxa6 Qc5 29. Ra7+ Kg8 30. Qg3 g5 31. fxg6 h6 32. Qh4 Rxb2 33. Qxf6 Qf2
34. Qg7# 1-0

[Event "Russian Championship B11 1st league 2016"]
[Site "Loo"]
[Date "2016.04.23"]
[Round "4.3"]
[White "Khubukshanov, Erdem"]
[Black "Gukhman, Sergey"]
[Result "1-0"]
[WhiteElo "1573"]
[BlackElo "1669"]
[PlyCount "119"]
[EventDate "2016.04.20"]

1. e4 e6 2. d4 d5 3. Bd3 Nf6 4. e5 Nfd7 5. Nf3 c5 6. c3 Nc6 7. O-O Qb6 8. Bc2
Be7 9. Re1 O-O 10. dxc5 Bxc5 11. Qe2 a5 12. Bxh7+ Kh8 13. Bd3 g6 14. Nbd2 Kg7
15. Nb3 Qc7 16. Nxc5 Nxc5 17. Bc2 Rh8 18. Bg5 Nd7 19. Rac1 b6 20. Nd4 Ba6 21.
Qe3 Qxe5 22. h3 Nxd4 23. cxd4 Qxe3 24. fxe3 Rac8 25. Kh2 Rc7 26. Bf4 Rc4 27.
Bb3 Rcc8 28. Bc7 Bc4 29. Bxc4 Rxc7 30. Bb5 Rhc8 31. Rxc7 Rxc7 32. Bxd7 Rxd7 33.
Rc1 Kf6 34. Kg3 Kf5 35. Kf3 e5 36. g4+ Ke6 37. Rc6+ Rd6 38. Rxd6+ Kxd6 39. h4
exd4 40. exd4 Ke6 41. Kf4 Kf6 42. g5+ Ke6 43. a4 f5 44. b3 Kd6 45. h5 gxh5 46.
Kxf5 Ke7 47. g6 h4 48. Kg4 h3 49. Kxh3 Kf6 50. Kh4 Kxg6 51. Kg4 Kf6 52. Kf4 Ke6
53. Kg5 Kd6 54. Kf6 Kd7 55. Ke5 Kc6 56. Ke6 b5 57. Ke5 bxa4 58. bxa4 Kd7 59.
Kxd5 Kc7 60. Ke6 1-0

[Event "Russian Championship B11 1st league 2016"]
[Site "Loo"]
[Date "2016.04.23"]
[Round "4.5"]
[White "Israfilov, Ali"]
[Black "Kuprin, Alexander"]
[Result "1-0"]
[WhiteElo "1518"]
[BlackElo "1609"]
[PlyCount "73"]
[EventDate "2016.04.20"]

1. e4 c5 2. Nf3 Nc6 3. Bb5 d6 4. O-O Bd7 5. d4 cxd4 6. Nxd4 Nxd4 7. Bxd7+ Qxd7
8. Qxd4 e5 9. Qd3 f5 10. f3 Nf6 11. Nc3 f4 12. b3 Be7 13. Ba3 a6 14. Rad1 Rd8
15. Rd2 g5 16. Rfd1 Qc7 17. Qc4 Qb6+ 18. Kh1 Qe3 19. Re2 Qa7 20. Qe6 Qb8 21.
Red2 Qc8 22. Rxd6 Rxd6 23. Qxc8+ Kf7 24. Qc4+ Re6 25. Bxe7 Kxe7 26. Qc7+ Kf8
27. Rd8+ Ne8 28. Qd7 Re7 29. Qf5+ Kg7 30. Qxg5+ Kf7 31. Nd5 Ng7 32. Qxe7+ Kg6
33. Rxh8 Nf5 34. exf5+ Kxf5 35. Rf8+ Kg6 36. Qf7+ Kg5 37. Rg8+ 1-0

[Event "Russian Championship B11 1st league 2016"]
[Site "Loo"]
[Date "2016.04.23"]
[Round "4.6"]
[White "Smirnov, Saveliy"]
[Black "Fridman, Roman A"]
[Result "1-0"]
[WhiteElo "1501"]
[BlackElo "1591"]
[PlyCount "99"]
[EventDate "2016.04.20"]

1. e4 e5 2. Nf3 Nc6 3. d4 exd4 4. Nxd4 Nf6 5. Nc3 Bb4 6. Nxc6 bxc6 7. Bd3 O-O
8. O-O Re8 9. Bg5 h6 10. Bh4 g5 11. Bg3 Bxc3 12. bxc3 Nxe4 13. Qf3 d5 14. Rfe1
f5 15. Qh5 Kg7 16. Bxc7 Qd7 17. Bxe4 fxe4 18. Bg3 Qf7 19. Qd1 Kg6 20. h4 Ba6
21. Re3 Re6 22. Rb1 Rf6 23. Qg4 Rf5 24. h5+ Kh7 25. c4 Rf8 26. cxd5 cxd5 27.
Ra3 Bc4 28. Bd6 Rf4 29. Bxf4 gxf4 30. Qg6+ Qxg6 31. hxg6+ Kxg6 32. Rxa7 Kf5 33.
a4 Ke5 34. c3 Rc8 35. Rb6 h5 36. Re7+ Kf5 37. Rf7+ Kg5 38. Ra7 h4 39. a5 Rc5
40. a6 Ra5 41. Rg7+ Kf5 42. a7 d4 43. cxd4 Bd5 44. Re7 Ra1+ 45. Kh2 Kg4 46. Re5
Bf7 47. Rb7 f3 48. Rxf7 fxg2 49. Rxe4+ Kg5 50. Kxg2 1-0

[Event "Russian Championship B11 1st league 2016"]
[Site "Loo"]
[Date "2016.04.23"]
[Round "4.8"]
[White "Petrovsky, Nikita"]
[Black "Tretyakov, Vladimir"]
[Result "0-1"]
[WhiteElo "1486"]
[BlackElo "1809"]
[PlyCount "122"]
[EventDate "2016.04.20"]

1. e4 e5 2. Nf3 Nc6 3. Bb5 a6 4. Ba4 Nf6 5. O-O b5 6. Bb3 Be7 7. c3 d6 8. d3
O-O 9. Nbd2 Na5 10. Bc2 c5 11. Re1 Qc7 12. Nf1 Bb7 13. Ng3 Bc8 14. h3 Nc6 15.
Nf5 Bxf5 16. exf5 Rfe8 17. Bb3 h6 18. Bd2 Qd7 19. g4 Nd8 20. Kh2 Qc7 21. Kh1
Qc6 22. Qe2 Nh7 23. Kh2 Bf6 24. Bc2 Nb7 25. h4 c4 26. dxc4 bxc4 27. g5 e4 28.
gxf6 exf3 29. Qf1 Nxf6 30. Qg1 Kh8 31. Qg3 h5 32. Qg5 Re2 33. Kg1 Nc5 34. Rxe2
fxe2 35. Re1 Nce4 36. Qg2 d5 37. Rxe2 Nxd2 38. Rxd2 Qe8 39. Qg5 Qe1+ 40. Kg2
Re8 41. b3 Re2 42. Rxe2 Qxe2 43. Bb1 Qb2 44. bxc4 Qxb1 45. cxd5 Qxa2 46. d6
Qd5+ 47. Kg1 Qd1+ 48. Kg2 Qg4+ 49. Qxg4 hxg4 50. c4 Nd7 51. Kf1 Kg8 52. h5 Kf8
53. Ke2 Nf6 54. c5 Ne4 55. d7 Ke7 56. c6 g3 57. f6+ Nxf6 58. fxg3 Nxh5 59. g4
Nf6 60. Kd3 Nxd7 61. cxd7 Kxd7 0-1

[Event "Russian Championship B11 1st league 2016"]
[Site "Loo"]
[Date "2016.04.23"]
[Round "4.9"]
[White "Azizyan, Levon"]
[Black "Ionochkin, Maksim"]
[Result "1-0"]
[WhiteElo "1402"]
[BlackElo "1761"]
[PlyCount "135"]
[EventDate "2016.04.20"]

1. e4 c6 2. d4 d5 3. exd5 cxd5 4. Bd3 Nc6 5. c3 Nf6 6. Bf4 Bg4 7. Nf3 e6 8.
Nbd2 Bd6 9. Bxd6 Qxd6 10. O-O O-O 11. Qc2 Rac8 12. a3 a6 13. Rfe1 b5 14. b4 Rc7
15. Ne5 Nxd4 16. Qb1 Nc6 17. Nxg4 Nxg4 18. Bxh7+ Kh8 19. h3 Nf6 20. Bc2 Ne5 21.
Qb2 Rfc8 22. Re3 Nc4 23. Nxc4 Rxc4 24. Bb3 R4c6 25. a4 Ne4 26. Bc2 Nxc3 27.
axb5 axb5 28. Rxc3 Rxc3 29. Qxc3 Qf8 30. Qd2 Qe7 31. Bd3 Qb7 32. Ra5 Ra8 33.
Rxb5 Ra1+ 34. Kh2 Qc7+ 35. g3 Qa7 36. Qf4 f5 37. Rb8+ Kh7 38. Bxf5+ exf5 39.
Qxf5+ g6 40. Qf8 Qg7 41. Qxg7+ Kxg7 42. Rd8 Rb1 43. Rxd5 Rxb4 44. Rd6 Kh6 45.
Kg2 Rb5 46. Rd4 Kg5 47. f4+ Kh6 48. g4 Rb6 49. Kg3 g5 50. fxg5+ Kxg5 51. h4+
Kh6 52. Kf4 Rb1 53. Rd6+ Kg7 54. g5 Rb4+ 55. Kg3 Rb3+ 56. Kg4 Rb4+ 57. Kh5 Rb7
58. Rf6 Rb4 59. Ra6 Rb1 60. Ra7+ Kg8 61. Kh6 Rb4 62. Ra8+ Kf7 63. g6+ Kf6 64.
Rf8+ Ke7 65. g7 Rxh4+ 66. Kg5 Rh1 67. g8=Q Rg1+ 68. Kh4 1-0

[Event "Russian Championship B11 1st league 2016"]
[Site "Loo"]
[Date "2016.04.23"]
[Round "4.10"]
[White "Ermolaev, Ivan"]
[Black "Neprokin, Georgij"]
[Result "1-0"]
[WhiteElo "1632"]
[BlackElo "1411"]
[PlyCount "51"]
[EventDate "2016.04.20"]

1. e4 e6 2. d4 d5 3. Nd2 Nf6 4. e5 Nfd7 5. Bd3 c5 6. c3 Nc6 7. Ne2 Qb6 8. Nf3
Be7 9. O-O a6 10. Re1 Nf8 11. b3 Ng6 12. Be3 cxd4 13. cxd4 Bd7 14. Rc1 Ba3 15.
Rb1 Nb4 16. Nc3 Qa5 17. Be2 Rc8 18. Bd2 Qb6 19. Na4 Bxa4 20. bxa4 a5 21. Qb3
Qc7 22. Bb5+ Kd8 23. Qxa3 Nc2 24. Qd6+ Qxd6 25. exd6 Nxe1 26. Bxa5+ 1-0

[Event "Russian Championship B11 1st league 2016"]
[Site "Loo"]
[Date "2016.04.23"]
[Round "4.11"]
[White "Pavlov, Mark"]
[Black "Rychikhin, Vladislav"]
[Result "1/2-1/2"]
[WhiteElo "1624"]
[BlackElo "1406"]
[PlyCount "111"]
[EventDate "2016.04.20"]

1. c4 e5 2. Nc3 Nf6 3. g3 c6 4. Bg2 d5 5. cxd5 cxd5 6. d3 h6 7. Nf3 Nc6 8. O-O
Be7 9. a3 O-O 10. b4 Bd6 11. b5 Ne7 12. a4 Be6 13. d4 e4 14. Nd2 Rc8 15. Bb2
Nf5 16. e3 Bb4 17. Rc1 Qa5 18. Nb3 Qb6 19. Na2 Be7 20. Qe2 Nd6 21. Bc3 Nc4 22.
Qe1 Bg4 23. Ba5 Qe6 24. Bb4 Nd7 25. Bxe7 Qxe7 26. Nb4 Qe6 27. a5 a6 28. b6 f5
29. Nd2 Nxa5 30. Ra1 Nc4 31. Nb3 Ncxb6 32. Ra5 Rc4 33. h3 Bh5 34. Qd2 Rfc8 35.
Rc1 Rxc1+ 36. Nxc1 Nc4 37. Qc3 Ndb6 38. Rc5 Rxc5 39. dxc5 Nd7 40. Qd4 Qe5 41.
Nxd5 Qxd4 42. exd4 Kf7 43. Bf1 Nd2 44. Be2 Bf3 45. Bf1 a5 46. Nc3 Nxf1 47. Kxf1
Nf6 48. Nb3 a4 49. Nxa4 Bd1 50. c6 bxc6 51. Nac5 Bxb3 52. Nxb3 Ke6 53. Ke2 Kd5
54. Ke3 g5 55. h4 Ng4+ 56. Ke2 1/2-1/2

[Event "Russian Championship B11 1st league 2016"]
[Site "Loo"]
[Date "2016.04.23"]
[Round "4.12"]
[White "Kichin, Alexander"]
[Black "Shemyakinskiy, Nikita"]
[Result "0-1"]
[WhiteElo "1605"]
[BlackElo "1371"]
[PlyCount "34"]
[EventDate "2016.04.20"]

1. e4 e5 2. Nf3 Nf6 3. Nxe5 Nxe4 4. Qe2 Qe7 5. Qxe4 d6 6. d4 dxe5 7. dxe5 Nc6
8. Bb5 Bd7 9. O-O O-O-O 10. Bf4 g5 11. Bxc6 Bxc6 12. Qf5+ Kb8 13. Bxg5 Rg8 14.
Bxe7 Rxg2+ 15. Kh1 Rxf2+ 16. Kg1 Rg2+ 17. Kh1 Rg3+ 0-1

[Event "Russian Championship B11 1st league 2016"]
[Site "Loo"]
[Date "2016.04.23"]
[Round "4.15"]
[White "Sepiashvili, Ivan"]
[Black "Matveev, Andrey"]
[Result "1/2-1/2"]
[WhiteElo "1377"]
[BlackElo "1501"]
[PlyCount "91"]
[EventDate "2016.04.20"]

1. e4 e5 2. Nf3 Nc6 3. Bc4 Nf6 4. Ng5 d5 5. exd5 Na5 6. d3 Nxd5 7. Nf3 Nc6 8.
Nbd2 Bc5 9. Ne4 Bb6 10. O-O O-O 11. h3 Be6 12. Bb3 h6 13. Re1 Qd7 14. Ng3 f6
15. a3 Bf7 16. Nh4 Rad8 17. Nhf5 Kh7 18. Bxd5 Bxd5 19. Qg4 Qf7 20. Bd2 Bc5 21.
b4 Bb6 22. Qe2 Rde8 23. c4 Be6 24. c5 Bxf5 25. Nxf5 Qd7 26. Ne3 Nd4 27. Qd1 f5
28. cxb6 f4 29. Nc4 cxb6 30. Nxe5 Qd5 31. Nc4 f3 32. Rxe8 Rxe8 33. Ne3 Qf7 34.
g3 Qd7 35. Kh2 Re5 36. Bc3 Rh5 37. h4 Ne2 38. d4 Qd8 39. Qd3+ g6 40. Qe4 Nxc3
41. Qxb7+ Kh8 42. Qxf3 Qxd4 43. Qf8+ Kh7 44. Qf4 Qxf4 45. gxf4 Rxh4+ 46. Kg3
1/2-1/2

[Event "Russian Championship B11 1st league 2016"]
[Site "Loo"]
[Date "2016.04.23"]
[Round "4.17"]
[White "Godzhurov, Lidzhi"]
[Black "Antimenko, Tikhon"]
[Result "1-0"]
[WhiteElo "1368"]
[BlackElo "1711"]
[PlyCount "149"]
[EventDate "2016.04.20"]

1. e4 e6 2. d4 d5 3. exd5 exd5 4. c4 Be6 5. Nc3 Bb4 6. c5 Nf6 7. Bd3 O-O 8.
Nge2 Nc6 9. O-O Re8 10. Bg5 h6 11. Be3 Bg4 12. Qc2 Bxc3 13. Nxc3 b6 14. Bb5 Bd7
15. Qa4 Na5 16. c6 Be6 17. Rad1 Nc4 18. Bxc4 dxc4 19. Rd2 Nd5 20. Ne2 Nxe3 21.
fxe3 Bd5 22. Nf4 Rxe3 23. Qb5 Be6 24. Nxe6 Rxe6 25. Qxc4 Qd6 26. d5 Re5 27. Qf4
Rf8 28. Qf3 Qg6 29. Qf4 Qd6 30. Qf3 Qg6 31. Rfd1 Rd8 32. d6 cxd6 33. c7 Rc8 34.
Qb7 Qe6 35. Rf2 Re1+ 36. Rf1 Rxf1+ 37. Rxf1 Qd7 38. Rc1 Qe8 39. Kh1 Qd7 40.
Qxa7 b5 41. Qb7 d5 42. Qc6 Qxc6 43. Rxc6 Kf8 44. Kg1 d4 45. Kf2 Ke7 46. Ke2 Kd7
47. Rc2 Rxc7 48. Rxc7+ Kxc7 49. Kd3 Kc6 50. Kxd4 Kd6 51. b4 f6 52. g4 g6 53. h4
f5 54. gxf5 gxf5 55. h5 Ke6 56. Kd3 Ke5 57. Ke3 Kd5 58. a3 f4+ 59. Ke2 Ke4 60.
Kf2 f3 61. a4 bxa4 62. b5 a3 63. b6 a2 64. b7 a1=Q 65. b8=Q Qa2+ 66. Kg3 Qg2+
67. Kh4 Qg5+ 68. Kh3 Qxh5+ 69. Kg3 Qg5+ 70. Kh3 Qg2+ 71. Kh4 Qh1+ 72. Kg4 h5+
73. Kg5 Qg2+ 74. Kxh5 Qg4+ 75. Kxg4 1-0

[Event "Russian Championship B11 1st league 2016"]
[Site "Loo"]
[Date "2016.04.23"]
[Round "4.18"]
[White "Grachev, Egor"]
[Black "Andreev, Aleksei"]
[Result "0-1"]
[WhiteElo "1358"]
[BlackElo "1629"]
[PlyCount "68"]
[EventDate "2016.04.20"]

1. d4 d5 2. c4 e6 3. Nc3 Nf6 4. Nf3 Nbd7 5. Bg5 Be7 6. e3 O-O 7. Bd3 dxc4 8.
Bxc4 a6 9. O-O b5 10. Bd3 c5 11. Ne4 Bb7 12. Nxc5 Bxc5 13. dxc5 Nxc5 14. Bc2
Qe7 15. Rc1 Rfd8 16. Qe2 h6 17. Bh4 Rac8 18. e4 e5 19. Rfd1 Qe6 20. Rxd8+ Rxd8
21. Bg3 Bxe4 22. Bxe4 Ncxe4 23. Bxe5 Qxa2 24. Bxf6 Nxf6 25. h3 b4 26. Rc7 a5
27. Ne5 Re8 28. Qb5 Qxb2 29. Nxf7 Re1+ 30. Kh2 Qxf2 31. Qc4 Qg1+ 32. Kg3 Re3+
33. Kh4 Qf2+ 34. g3 Qxg3# 0-1